00750cam a2200229 a 450000100100000000500170001000800410002702000150006804000250008308200170010810000340012524000240015924501000018326000530028330000200033649000210035650000220037765000260039965000300042570000420045583000230049700000436220200929151430.0880919s1995 sp 000 f spa d a8420646598 aDO-SdBNPbspacBNPHU a813.5bH224u1 aHammett, Dashiell,d1894-196110aA woman in the dark10aUna mujer en la oscuridad /cDashiell Hammett ; traducción de Francisco Pérez de la Cadena. aMadrid :bAlianza EditorialbGrupo Anaya,c1995. a95 p. ;c15 cm.1 aAlianza cienv59 aLibro de bolsillo 4aNovela estadounidense 4aLiteratura estadounidense1 aPérez de la Cadena, Francisco,etr. 0aAlianza cien ;n59